Úpění holubice čili O užitečnosti slz

Podrobná bibliografia
Hlavný autor: Bellarmino, Roberto, svätý, 1542-1621 (Autor)
Ďalší autori: Vodička, Timotheus (Prekladateľ)
Médium: Kniha
Jazyk:čeština
Fyzický popis:246, [6] s. 19 cm
Vydavateľské údaje: Olomouc Dominikánska edice Krystal 1948
Edícia:Dominikánska Edice Krystal sv. 90

MARC

LEADER 00000nam a2200000 a 4500
001 vtls001145226
003 SK-MaSNL
005 20260301063121.0
008 250414s1948 CS 0 cze
035 |a SNK000088081 
040 |a SNK  |b slo  |c SNK  |e AACR2 
041 0 |a cze 
044 |a [CS] 
080 |a 253  |2 1981 
100 1 |a Bellarmino, Roberto,  |c svätý,  |d 1542-1621  |4 aut  |9 173739 
245 1 0 |a Úpění holubice čili O užitečnosti slz  |c Roberto Bellarmino ; Přel. Timotheus Vodička 
260 |a Olomouc  |b Dominikánska edice Krystal  |c 1948  |e Valašské Meziříčí  |f Valašská tisk.  |g 1948 
300 |a 246, [6] s.  |c 19 cm 
490 0 |a Dominikánska Edice Krystal  |v sv. 90 
700 1 |a Vodička, Timotheus  |4 trl  |9 378364 
852 |a Slovenská národná knižnica 
954 |a život duchovný 
999 |c 623009  |d 624939 
952 |t P60, <04>, [BOOK], {604}  |a SNK  |b SNK  |y VYP  |7 0  |p 17A0358891  |o snkID 2866/90  |0 0  |1 0  |4 0  |d 2002-10-12  |l 0  |r 2005-01-01 00:00:00  |w 2026-02-23